MARC details
| 000 -LEADER |
| campo de control de longitud fija |
01882nam a2200409 i 4500 |
| 001 - NÚMERO DE CONTROL |
| campo de control |
196855 |
| 003 - IDENTIFICADOR DE NÚMERO DE CONTROL |
| campo de control |
ES-MaACL |
| 005 - FECHA Y HORA DE LA ÚLTIMA TRANSACCIÓN |
| campo de control |
20251123063313.0 |
| 008 - DATOS DE LONGITUD FIJA--INFORMACIÓN GENERAL |
| campo de control de longitud fija |
250108b2024 sp ||||| |||| 00| 0 spa d |
| 017 ## - NÚMERO DE COPYRIGHT O DE DEPÓSITO LEGAL |
| Número de copyright o de depósito legal |
M 26450-2024 |
| Agencia que asigna |
Oficina Depósito Legal Madrid |
| 020 ## - NÚMERO INTERNACIONAL ESTÁNDAR DEL LIBRO |
| Número Internacional Estándar del Libro |
978-84-09-67453-4 |
| 040 ## - FUENTE DE CATALOGACIÓN |
| Centro catalogador/agencia de origen |
ES-MaACL |
| Lengua de catalogación |
spa |
| Centro/agencia transcriptor |
ES-MaACL |
| Normas de descripción |
rda |
| 080 ## - NÚMERO DE LA CLASIFICACIÓN DECIMAL UNIVERSAL |
| Número de la Clasificación Decimal Universal |
329(460)"19/20" |
| 080 ## - NÚMERO DE LA CLASIFICACIÓN DECIMAL UNIVERSAL |
| Número de la Clasificación Decimal Universal |
330.85 |
| 100 1# - ENTRADA PRINCIPAL--NOMBRE DE PERSONA |
| 9 (RLIN) |
240377 |
| Nombre de persona |
Marco, Raúl, |
| Fechas asociadas al nombre |
1936-2020 |
| Término indicativo de función/relación |
Autor |
| 245 10 - MENCIÓN DEL TÍTULO |
| Título |
Textos escogidos de Raúl Marco : |
| Resto del título |
Tomo II: La lucha del partido comunista de España (Marxista-Leninista) / |
| Mención de responsabilidad, etc. |
Raúl Marco, selección de textos de Lola Val y Carlos Hermida ; digitalización, diseño y maquetación de Titika Apostolaki. |
| 264 #1 - PRODUCCIÓN, PUBLICACIÓN, DISTRIBUCIÓN, FABRICACIÓN Y COPYRIGHT |
| Producción, publicación, distribución, fabricación y copyright |
[Madrid] |
| Nombre del de productor, editor, distribuidor, fabricante |
PCE, |
| Fecha de producción, publicación, distribución, fabricación o copyright |
[2024] |
| 300 ## - DESCRIPCIÓN FÍSICA |
| Extensión |
485 páginas : |
| Otras características físicas |
ilustraciones (blanco y negro) ; |
| Dimensiones |
24 cm |
| 336 ## - TIPO DE CONTENIDO |
| Fuente |
rdacontent |
| Término de tipo de contenido |
texto |
| 337 ## - TIPO DE MEDIO |
| Fuente |
rdamedia |
| Nombre/término del tipo de medio |
sin mediación |
| 338 ## - TIPO DE SOPORTE |
| Fuente |
rdacarrier |
| Nombre/término del tipo de soporte |
volumen |
| 490 1# - MENCIÓN DE SERIE |
| Mención de serie |
Textos escogidos de Raúl Marco ; |
| Designación de volumen o secuencia |
2 |
| 500 ## - NOTA GENERAL |
| Nota general |
Índice |
| 610 04 - PUNTO DE ACCESO ADICIONAL DE MATERIA--NOMBRE DE ENTIDAD CORPORATIVA |
| 9 (RLIN) |
6135 |
| Nombre de entidad corporativa o nombre de jurisdicción como elemento de entrada |
Partido Comunista de España |
| 650 #4 - PUNTO DE ACCESO ADICIONAL DE MATERIA--TÉRMINO DE MATERIA |
| 9 (RLIN) |
11217 |
| Término de materia o nombre geográfico como elemento de entrada |
Comunismo- |
| Subdivisión geográfica |
España |
| 655 #4 - TERMINO DE INDIZACIÓN--GENERO/FORMA |
| Datos o término principal de género/forma |
Artículos |
| 9 (RLIN) |
175745 |
| 700 ## - ENTRADA AGREGADA--NOMBRE PERSONAL |
| 9 (RLIN) |
240378 |
| Nombre de persona |
Hermida Revillas, Carlos |
| Término indicativo de función/relación |
Editor literario |
| 700 ## - ENTRADA AGREGADA--NOMBRE PERSONAL |
| 9 (RLIN) |
240379 |
| Nombre de persona |
Val, Lola |
| Término indicativo de función/relación |
Editor literario |
| 852 ## - LOCALIZACIÓN |
| Ubicación |
ES-MaACL |
| Ubicación en estantería |
Depósito J |
| Número de control de estantería |
N-10318 |
| Anotaciones manuscritas |
Dedicatoria autógrafa de Lola Val y Carlos Hermida |
| Donativo/Legado |
Donación: Lola Val; Carlos Hermida |
| Encuadernación |
Encuadernación rústica |
| itemnumber |
205414 |
| 852 ## - LOCALIZACIÓN |
| Ubicación |
ES-MaACL |
| Ubicación en estantería |
Depósito J |
| Número de control de estantería |
A-15832 |
| Anotaciones manuscritas |
Dedicatoria autógrafa de Lola Val y Carlos Hermida |
| Donativo/Legado |
Donación: Lola Val; Carlos Hermida |
| Encuadernación |
Encuadernación rústica |
| itemnumber |
206896 |
| 903 ## - NOMBRE PERSONAL DE DONANTE |
| 9 |
240378 |
| a |
Hermida Revillas, Carlos |
| e |
Donante |
| 903 ## - NOMBRE PERSONAL DE DONANTE |
| 9 |
240379 |
| a |
Val, Lola |
| e |
Donante |
| 942 ## - ELEMENTOS DE ENTRADA SECUNDARIOS (KOHA) |
| Tipo de ítem Koha |
Libro impreso |
| Suprimir en OPAC |
No |